[Event "X Torneo Leonardo di Bona A"]
[Site "Cutro ITA"]
[Date "2004.04.28"]
[Round "6"]
[White "Palac, Mladen"]
[Black "Ristic, Nenad"]
[Result "1/2-1/2"]
[WhiteElo "2565"]
[BlackElo "2447"]
[PlyCount "79"]
[EventDate "2004.04.23"]

1. d4 Nf6 2. Nf3 g6 3. c4 Bg7 4. Nc3 d5 5. cxd5 Nxd5 6. e4 Nxc3 7. bxc3 c5 8.
Rb1 O-O 9. Be2 Nc6 10. d5 Bxc3+ 11. Bd2 Bxd2+ 12. Qxd2 Na5 13. h4 Bg4 14. h5
Bxf3 15. gxf3 e5 16. hxg6 fxg6 17. d6 b6 18. Qd5+ Kg7 19. Qxe5+ Qf6 20. Qh2 h5
21. Qg3 Nc4 22. Rd1 Rad8 23. Kf1 Ne5 24. Rd5 Nxf3 25. Rdxh5 Qa1+ 26. Kg2 Ne1+
27. Kh3 Qd4 28. Rxe1 Rxf2 29. Rd1 Qf6 30. e5 Qe6+ 31. Bg4 Qxa2 32. e6 gxh5 33.
Qe5+ Rf6 34. Rg1 Qf2 35. e7 Rh8 36. e8=Q Rxe8 37. Qxe8 Qxg1 38. Qe7+ Kg6 39.
Qe8+ Kh6 40. Qxh5+ 1/2-1/2

[Event "X Torneo Leonardo di Bona A"]
[Site "Cutro ITA"]
[Date "2004.04.28"]
[Round "6"]
[White "Predojevic, Borki"]
[Black "Roeder, Matthias"]
[Result "1/2-1/2"]
[WhiteElo "2490"]
[BlackElo "2457"]
[PlyCount "43"]
[EventDate "2004.04.23"]

1. e4 c5 2. Nf3 d6 3. d4 cxd4 4. Nxd4 Nf6 5. Nc3 a6 6. Be2 e5 7. Nb3 Be7 8. Bg5
Be6 9. Bxf6 Bxf6 10. O-O Nc6 11. a4 Nd4 12. Nxd4 exd4 13. Nd5 Bxd5 14. exd5 O-O
15. Bd3 Re8 16. a5 Qc7 17. Qf3 Re5 18. b4 Rae8 19. Rab1 h5 20. g3 Qc8 21. h4
Qg4 22. Qxg4 1/2-1/2

[Event "X Torneo Leonardo di Bona A"]
[Site "Cutro ITA"]
[Date "2004.04.28"]
[Round "6"]
[White "Tirard, Hugo"]
[Black "Movsziszian, Karen"]
[Result "0-1"]
[WhiteElo "2444"]
[BlackElo "2511"]
[PlyCount "122"]
[EventDate "2004.04.23"]

1. e4 g6 2. d4 Bg7 3. Nc3 d6 4. Be3 a6 5. Qd2 Nd7 6. Nf3 b5 7. Bd3 c5 8. a4 b4
9. Ne2 Qc7 10. c3 c4 11. Bb1 b3 12. O-O Ngf6 13. Bh6 O-O 14. Ng3 e5 15. Bxg7
Kxg7 16. a5 Bb7 17. d5 Rac8 18. Ra4 h6 19. Qe2 Nc5 20. Ra1 Ncd7 21. Rd1 Qc5 22.
Ra4 Nxd5 23. exd5 Bxd5 24. Ra1 f5 25. Nh4 e4 26. Nxg6 Kxg6 27. Qh5+ Kh7 28.
Nxf5 Rf6 29. Ne3 Bc6 30. Qh4 Re8 31. Rd4 d5 32. f3 Rfe6 33. Qh5 Re5 34. Qf7+
Kh8 35. fxe4 dxe4 36. Qxc4 Qxc4 37. Nxc4 Rg5 38. Ne3 Ne5 39. Rd6 Rf8 40. h4 Rg3
41. Nf1 Rg4 42. Rxh6+ Kg7 43. Rxc6 Nf3+ 44. Kf2 Nd2+ 45. Ke1 Nxf1 46. Ra4 Ng3
47. Bd3 Rxh4 48. Bxa6 Rh2 49. Rb4 Rf7 50. Rc5 Rxg2 51. Rg5+ Kf6 52. Rxg3 Rxg3
53. Rxe4 Rg1+ 54. Kf2 Rfg7 55. Bf1 Rh1 56. Re2 Ra7 57. Kg2 Rh4 58. a6 Rf4 59.
Re1 Rg7+ 60. Kh3 Rf5 61. Kh4 Rfg5 0-1

[Event "X Torneo Leonardo di Bona A"]
[Site "Cutro ITA"]
[Date "2004.04.28"]
[Round "6"]
[White "Zelcic, Robert"]
[Black "Epishin, Vladimir V."]
[Result "1/2-1/2"]
[WhiteElo "2509"]
[BlackElo "2610"]
[PlyCount "84"]
[EventDate "2004.04.23"]

1. e4 c5 2. Nf3 e6 3. d4 cxd4 4. Nxd4 a6 5. Nc3 b5 6. Bd3 Qb6 7. Nb3 Qc7 8. O-O
Be7 9. f4 d6 10. Kh1 Nd7 11. Bd2 Ngf6 12. Qe2 O-O 13. Nd1 Bb7 14. Nf2 Nc5 15.
Nxc5 dxc5 16. c4 bxc4 17. Bxc4 Rfd8 18. Rac1 Rd7 19. b4 Qd8 20. Bd3 cxb4 21. e5
Ne8 22. Be3 g6 23. Be4 Bxe4 24. Nxe4 Qa5 25. h3 Qb5 26. Qxb5 axb5 27. Rf2 Rc7
28. Rfc2 Rxc2 29. Rxc2 f5 30. Nd2 Rd8 31. Nb3 Kf7 32. Nd4 Rd7 33. Nxb5 Rd1+ 34.
Kh2 Rd3 35. Bf2 g5 36. g3 gxf4 37. gxf4 Rf3 38. Bg3 b3 39. axb3 Rxb3 40. Nd4
Rd3 41. Bf2 Bd8 42. Kg2 Ng7 1/2-1/2

[Event "X Torneo Leonardo di Bona A"]
[Site "Cutro ITA"]
[Date "2004.04.29"]
[Round "7"]
[White "Antoniacci, Riccardo"]
[Black "Blasco, Domenico"]
[Result "1-0"]
[WhiteElo "2048"]
[BlackElo "2032"]
[PlyCount "49"]
[EventDate "2004.04.23"]

1. e4 g6 2. d4 Bg7 3. Nc3 c6 4. f4 d5 5. e5 Nh6 6. Nf3 f6 7. Bd3 Bg4 8. O-O O-O
9. Qe1 Bxf3 10. Rxf3 fxe5 11. fxe5 Rxf3 12. gxf3 e6 13. Qg3 Qb6 14. Ne2 Nd7 15.
Kh1 Rf8 16. Bxh6 Bxh6 17. Qh3 Qxb2 18. Rg1 Nxe5 19. dxe5 Bg7 20. Qxe6+ Kh8 21.
f4 Qb6 22. Qh3 Kg8 23. f5 Bxe5 24. fxg6 Qc7 25. g7 1-0

[Event "X Torneo Leonardo di Bona A"]
[Site "Cutro ITA"]
[Date "2004.04.29"]
[Round "7"]
[White "Armentano, Alessio"]
[Black "Kaps, Darja"]
[Result "0-1"]
[WhiteElo "1991"]
[BlackElo "2185"]
[PlyCount "97"]
[EventDate "2004.04.23"]

1. e4 c6 2. d4 g6 3. f4 d5 4. e5 Bf5 5. Bd3 Bxd3 6. Qxd3 e6 7. Nf3 h5 8. O-O
Nh6 9. Nbd2 c5 10. c3 Nc6 11. Kh1 Nf5 12. Rd1 cxd4 13. Nxd4 Ncxd4 14. cxd4 Rc8
15. Nf3 Be7 16. Bd2 O-O 17. Rac1 Qd7 18. Qb3 b5 19. Bb4 Bxb4 20. Qxb4 Ne3 21.
Rg1 Rc4 22. Rxc4 dxc4 23. Qd2 Nf5 24. Rd1 Qd5 25. Kg1 Rd8 26. Qa5 Rd7 27. Kf2
Kg7 28. Qd2 a6 29. g3 Qb7 30. Qb4 Qe4 31. Qd2 b4 32. Qe2 Qc6 33. Rc1 c3 34.
bxc3 bxc3 35. Qd3 Rc7 36. Rc2 Ne7 37. Ng5 Nd5 38. a3 Qa4 39. Ne4 Qxa3 40. Nc5
a5 41. Qc4 Qb4 42. Qd3 Qb1 43. Qe2 Qh1 44. h4 Rc8 45. Na4 Rb8 46. Nxc3 Nxc3 47.
Rxc3 Rb2 48. Rc2 Rxc2 49. Qxc2 0-1

[Event "X Torneo Leonardo di Bona A"]
[Site "Cutro ITA"]
[Date "2004.04.29"]
[Round "7"]
[White "Bentivegna, Francesco"]
[Black "Cordi', Domenico"]
[Result "1-0"]
[WhiteElo "2258"]
[BlackElo "2059"]
[PlyCount "87"]
[EventDate "2004.04.23"]

1. e4 Nf6 2. e5 Nd5 3. c4 Nb6 4. c5 Nd5 5. Bc4 e6 6. Nc3 Bxc5 7. Bxd5 exd5 8.
d4 Bb4 9. Qg4 Qe7 10. Qxg7 Qf8 11. Qxf8+ Rxf8 12. Nge2 c6 13. O-O d6 14. exd6
Bxd6 15. Bf4 Bxf4 16. Nxf4 Bf5 17. Rfe1+ Kd8 18. f3 Na6 19. Re5 Bd7 20. Rh5 Rh8
21. Re1 h6 22. Kf2 Nc7 23. g4 f6 24. h4 Ne8 25. g5 fxg5 26. hxg5 Rf8 27. gxh6
Nf6 28. Ng6 Rf7 29. Ne5 Rh7 30. Rg5 Kc7 31. Rg6 Rf8 32. Rh1 Bf5 33. Rg5 Be6 34.
Ke3 Ne8 35. Ne2 Rf6 36. Rg6 Kd6 37. Rxf6 Nxf6 38. Kf4 Ke7 39. Kg5 Bf7 40. Nf4
Ng8 41. Ng4 Kd6 42. Ng6 c5 43. dxc5+ Kxc5 44. Nf8 1-0

[Event "X Torneo Leonardo di Bona A"]
[Site "Cutro ITA"]
[Date "2004.04.29"]
[Round "7"]
[White "Del Rio Angelis, Salvador Gabriel"]
[Black "Van Hoolandt, Patrick"]
[Result "1-0"]
[WhiteElo "2506"]
[BlackElo "2237"]
[PlyCount "71"]
[EventDate "2004.04.23"]

1. e4 e5 2. Nf3 Nc6 3. Bb5 Nf6 4. O-O Nxe4 5. d4 Nd6 6. Bxc6 dxc6 7. dxe5 Nf5
8. Qxd8+ Kxd8 9. Nc3 Ke8 10. h3 Ne7 11. Ne4 Ng6 12. Re1 Be7 13. Nf6+ Kf8 14.
Nh5 c5 15. g4 Nh4 16. Nxh4 Bxh4 17. Be3 b6 18. Red1 h6 19. Nf4 Ke8 20. Rd2 Be6
21. Nxe6 fxe6 22. Kg2 Rd8 23. Rxd8+ Bxd8 24. f4 Rf8 25. Kg3 h5 26. Rd1 Be7 27.
c4 hxg4 28. hxg4 Rh8 29. Kg2 Rh4 30. Kg3 Rh8 31. f5 Bh4+ 32. Kg2 Be7 33. fxe6
Rh4 34. Kg3 g5 35. Rd7 Rh1 36. Rxc7 1-0

[Event "X Torneo Leonardo di Bona A"]
[Site "Cutro ITA"]
[Date "2004.04.29"]
[Round "7"]
[White "Kotronias, Vasilios"]
[Black "Ernst, Thomas"]
[Result "1-0"]
[WhiteElo "2607"]
[BlackElo "2464"]
[PlyCount "143"]
[EventDate "2004.04.23"]

1. e4 e5 2. Nf3 Nc6 3. Bb5 Nf6 4. O-O Nxe4 5. d4 Nd6 6. Bxc6 dxc6 7. dxe5 Nf5
8. Qxd8+ Kxd8 9. Nc3 Ke8 10. h3 Ne7 11. Re1 Ng6 12. Ne4 h6 13. a4 c5 14. h4 h5
15. g3 Be6 16. Nfg5 Be7 17. Nxe6 fxe6 18. Kg2 Rd8 19. Be3 Rd5 20. f4 Kf7 21. c4
Rd3 22. Rad1 Rxd1 23. Rxd1 b6 24. Rd7 Rc8 25. Kf3 Nf8 26. Rd1 Rd8 27. Rg1 Nd7
28. Nc3 Nb8 29. Ke4 g6 30. Nb5 a6 31. Nxc7 Rc8 32. Nd5 Bd8 33. Nc3 Nc6 34. Rd1
Bc7 35. Rd7+ Ne7 36. a5 Ke8 37. Rd3 Nf5 38. axb6 Bxb6 39. Na4 Ba7 40. Bf2 Rc7
41. Kf3 Ke7 42. b3 Ke8 43. Nc3 Rd7 44. Rxd7 Kxd7 45. Nd1 Kc6 46. b4 Nd4+ 47.
Bxd4 cxd4 48. Nb2 a5 49. bxa5 Kc5 50. Ke4 Kb4 51. Kd3 Kxa5 52. Nd1 Kb4 53. Nf2
Kc5 54. Ne4+ Kc6 55. Nd6 Bc5 56. Nf7 Kd7 57. Ng5 Bb4 58. Kxd4 Be1 59. Ne4 Kc6
60. Kd3 Bb4 61. Ke2 Ba3 62. Kf3 Be7 63. Kg2 Kb6 64. Kh3 Ka5 65. g4 hxg4+ 66.
Kxg4 Kb4 67. Ng5 Kxc4 68. Nxe6 Kd3 69. Ng5 Ke3 70. Nf7 Bxh4 71. Kxh4 Kxf4 72.
e6 1-0

[Event "X Torneo Leonardo di Bona A"]
[Site "Cutro ITA"]
[Date "2004.04.29"]
[Round "7"]
[White "Lazic, Miroljub"]
[Black "Predojevic, Borki"]
[Result "1/2-1/2"]
[WhiteElo "2481"]
[BlackElo "2490"]
[PlyCount "118"]
[EventDate "2004.04.23"]

1. d4 Nf6 2. c3 g6 3. Bg5 Bg7 4. Nd2 O-O 5. e3 d6 6. Ngf3 Nbd7 7. Bc4 Qe8 8.
O-O a6 9. a4 b6 10. e4 e5 11. Re1 Bb7 12. Qc2 h6 13. Bh4 Nh5 14. Nf1 Kh8 15.
dxe5 Nxe5 16. Nxe5 Qxe5 17. Qb3 Bxe4 18. f3 Qc5+ 19. Bf2 Bc2 20. Qa2 Qg5 21. h4
Qd8 22. Ne3 Bxa4 23. Bd5 c6 24. Bxf7 Nf4 25. Qxa4 Rxf7 26. Qxc6 Nd3 27. Qd5
Nxe1 28. Qxf7 Nd3 29. Qxg6 Nxf2 30. Nf5 Qg8 31. Nxg7 Nh3+ 32. Kh2 Qxg7 33.
Qxg7+ Kxg7 34. Kxh3 Kf6 35. g4 a5 36. Rd1 Ke7 37. Rd5 a4 38. Rb5 a3 39. bxa3
Rxa3 40. Rxb6 Rxc3 41. Kg3 h5 42. Kf4 d5 43. Rh6 Rc4+ 44. Kf5 d4 45. Re6+ Kd7
46. Re1 Rc3 47. Kg5 Rxf3 48. Kxh5 Re3 49. Rd1 d3 50. g5 Ke8 51. Kg6 Kf8 52.
Rf1+ Ke7 53. h5 Re6+ 54. Kf5 d2 55. Rd1 Rd6 56. Ke5 Rd3 57. g6 Rh3 58. Rxd2
Rxh5+ 59. Kf4 Kf6 1/2-1/2

[Event "X Torneo Leonardo di Bona A"]
[Site "Cutro ITA"]
[Date "2004.04.29"]
[Round "7"]
[White "Movsziszian, Karen"]
[Black "Zelcic, Robert"]
[Result "1-0"]
[WhiteElo "2511"]
[BlackElo "2509"]
[PlyCount "63"]
[EventDate "2004.04.23"]

1. Nf3 Nf6 2. c4 e6 3. b3 d5 4. Bb2 Be7 5. e3 O-O 6. Rg1 c5 7. g4 Nc6 8. g5 Ne4
9. h4 d4 10. d3 Qa5+ 11. Ke2 Nd6 12. Bh3 e5 13. Bxc8 Raxc8 14. Nbd2 Kh8 15. Qf1
f5 16. gxf6 gxf6 17. Qh3 Rce8 18. h5 f5 19. Nh4 Bxh4 20. Qxh4 Qd8 21. Qxd8 Rxd8
22. a3 a5 23. b4 axb4 24. axb4 Nxb4 25. Nb3 b6 26. exd4 exd4 27. Nxd4 Nxc4 28.
dxc4 cxd4 29. Ra7 Rfe8+ 30. Kd2 Nc6 31. Rc7 Rc8 32. Rxc6 1-0

[Event "X Torneo Leonardo di Bona A"]
[Site "Cutro ITA"]
[Date "2004.04.29"]
[Round "7"]
[White "Napoli, Nicolo'"]
[Black "Contin, Daniel"]
[Result "1-0"]
[WhiteElo "2127"]
[BlackElo "2401"]
[PlyCount "65"]
[EventDate "2004.04.23"]

1. e4 e6 2. d4 d5 3. Nc3 Bb4 4. Nge2 dxe4 5. a3 Bxc3+ 6. Nxc3 Nc6 7. Bb5 Nge7
8. Bg5 f6 9. Be3 f5 10. Qh5+ Ng6 11. O-O-O Qh4 12. Qxh4 Nxh4 13. d5 a6 14. dxc6
axb5 15. Nxb5 Kf7 16. Nxc7 Ra4 17. cxb7 Bxb7 18. b3 Rxa3 19. Kb2 Ra5 20. Rd7+
Kf6 21. Bb6 Re5 22. Bd4 e3 23. f4 Nxg2 24. Bxe5+ Kg6 25. Rxg7+ Kh6 26. Rg1 Rd8
27. Nxe6 Rd2 28. Rxb7 e2 29. Bc3 Rd1 30. Rxg2 e1=Q 31. Bxe1 Rxe1 32. Nf8 Rb1+
33. Kxb1 1-0

[Event "X Torneo Leonardo di Bona A"]
[Site "Cutro ITA"]
[Date "2004.04.29"]
[Round "7"]
[White "Palac, Mladen"]
[Black "Mrdja, Milan"]
[Result "1/2-1/2"]
[WhiteElo "2565"]
[BlackElo "2405"]
[PlyCount "43"]
[EventDate "2004.04.23"]

1. e4 c5 2. Nf3 Nc6 3. d4 cxd4 4. Nxd4 Qc7 5. Nc3 e6 6. f4 a6 7. Be2 b5 8. Nxc6
Qxc6 9. Bf3 Bb7 10. Be3 Rc8 11. a3 Qc7 12. O-O Ne7 13. Qe1 f5 14. Bd4 fxe4 15.
Nxe4 Nf5 16. Bh5+ Kd8 17. Bf2 Bxe4 18. Qxe4 Bc5 19. Bg4 Rf8 20. Rad1 Ke7 21. c3
g6 22. Bf3 1/2-1/2

[Event "X Torneo Leonardo di Bona A"]
[Site "Cutro ITA"]
[Date "2004.04.29"]
[Round "7"]
[White "Ristic, Nenad"]
[Black "Drasko, Milan"]
[Result "1/2-1/2"]
[WhiteElo "2447"]
[BlackElo "2464"]
[PlyCount "20"]
[EventDate "2004.04.23"]

1. Nf3 Nf6 2. c4 e6 3. Nc3 Bb4 4. Qc2 O-O 5. a3 Bxc3 6. Qxc3 b6 7. g3 Bb7 8.
Bg2 d6 9. d4 Nbd7 10. O-O Be4 1/2-1/2

[Event "X Torneo Leonardo di Bona A"]
[Site "Cutro ITA"]
[Date "2004.04.29"]
[Round "7"]
[White "Roeder, Matthias"]
[Black "Garcia Palermo, Carlos Horacio"]
[Result "0-1"]
[WhiteElo "2457"]
[BlackElo "2444"]
[PlyCount "178"]
[EventDate "2004.04.23"]

1. Nf3 Nf6 2. c4 e6 3. d4 b6 4. Nc3 Bb7 5. a3 Ne4 6. Nxe4 Bxe4 7. e3 Be7 8. Bd3
Bg6 9. Ne5 Nc6 10. Nxg6 hxg6 11. Bd2 f5 12. Bc3 Bf6 13. Qc2 Kf7 14. O-O-O Ne7
15. e4 fxe4 16. Bxe4 d5 17. Bd3 Qd7 18. Kb1 Rad8 19. f4 dxc4 20. Bxc4 Nd5 21.
Rhe1 Rxh2 22. Bd3 Nxf4 23. Be4 g5 24. d5 exd5 25. Bxf6 gxf6 26. Bxd5+ Nxd5 27.
Rxd5 Qxd5 28. Qxc7+ Kg6 29. Qxh2 Qb3 30. Rh1 Rd1+ 31. Rxd1 Qxd1+ 32. Ka2 Qd5+
33. Ka1 Qd1+ 34. Ka2 Qd5+ 35. Ka1 a5 36. Qg1 g4 37. g3 b5 38. Qe1 a4 39. Qe8+
Kg5 40. Qe3+ Kg6 41. Qe8+ Kg7 42. Qe7+ Qf7 43. Qe4 Qc4 44. Qe7+ Kg6 45. Qd6 Qe4
46. Qb8 Qe1+ 47. Ka2 Qe5 48. Qg8+ Kf5 49. Qh7+ Ke6 50. Qg8+ Ke7 51. Qg7+ Kd6
52. Qf8+ Kd7 53. Qf7+ Kc6 54. Qg7 Qe6+ 55. Ka1 Kd5 56. Qb7+ Qc6 57. Qe7 Qc1+
58. Ka2 Qc4+ 59. Ka1 f5 60. Qe1 Qd3 61. Ka2 f4 62. gxf4 Qc4+ 63. Ka1 Qxf4 64.
Qd1+ Qd4 65. Qh1+ Ke5 66. Qc1 Ke4 67. Qh1+ Kf4 68. Qh2+ Kf3 69. Qh1+ Kg3 70.
Ka2 Qc4+ 71. Ka1 Qd3 72. Qg1+ Kf3 73. Qh1+ Kf4 74. Qh6+ Kg3 75. Qh1 Qf3 76. Qh6
Qd1+ 77. Ka2 Qd5+ 78. Ka1 Kg2 79. Qc1 g3 80. Qc2+ Kf3 81. Qc3+ Kf4 82. Qf6+ Kg4
83. Qg6+ Kf3 84. Qf6+ Ke2 85. Qe7+ Kd1 86. Qe3 g2 87. Qf2 Qe4 88. Qg1+ Kd2 89.
Qf2+ Qe2 0-1

[Event "X Torneo Leonardo di Bona A"]
[Site "Cutro ITA"]
[Date "2004.04.29"]
[Round "7"]
[White "Straub, Peter"]
[Black "Naalden, Marc"]
[Result "1/2-1/2"]
[WhiteElo "2109"]
[BlackElo "2068"]
[PlyCount "106"]
[EventDate "2004.04.23"]

1. Nc3 d6 2. e4 c6 3. d4 Qa5 4. Nf3 Nf6 5. Bd2 e5 6. h3 Nbd7 7. Bc4 exd4 8. Nb5
Qb6 9. Nbxd4 Nxe4 10. Qe2 d5 11. Bd3 Qxb2 12. O-O Ndf6 13. Bg5 Be7 14. Bxf6
Nxf6 15. Rfe1 Qa3 16. Nh4 g6 17. Qe5 Kf8 18. Qe3 h6 19. Bxg6 Qxe3 20. Rxe3 Ne4
21. Bxe4 Bxh4 22. Bf3 Bf6 23. Rd1 Bd7 24. Bh5 Bxd4 25. Rxd4 Re8 26. Rf4 Rh7 27.
Ref3 Re1+ 28. Kh2 Be8 29. Bg4 Re7 30. Bf5 Rh8 31. Ra3 a6 32. Rb3 c5 33. Rc3 Rc7
34. Rd4 cxd4 35. Rxc7 Bc6 36. Bd7 Ke7 37. Bxc6+ Kd6 38. Rxb7 Kxc6 39. Rxf7 Rb8
40. Rf6+ Kb5 41. Rd6 Kc4 42. Rc6+ Kb4 43. Kg3 Kb5 44. Rd6 Kc4 45. Kf3 Rc8 46.
Ke2 Rc5 47. Rxa6 Kb5 48. Rd6 Rxc2+ 49. Kd3 Rxf2 50. Rxd5+ Kc6 51. Rh5 Rxg2 52.
Rxh6+ Kd5 53. Rh5+ Ke6 1/2-1/2

[Event "X Torneo Leonardo di Bona A"]
[Site "Cutro ITA"]
[Date "2004.04.29"]
[Round "7"]
[White "Wohl, Aleksandar H."]
[Black "Janev, Evgeni"]
[Result "0-1"]
[WhiteElo "2399"]
[BlackElo "2405"]
[PlyCount "74"]
[EventDate "2004.04.23"]

1. Nf3 d6 2. d4 g6 3. Nc3 Bg7 4. e4 c6 5. Bf4 Bg4 6. Qd2 Nd7 7. O-O-O b5 8. e5
d5 9. Be2 e6 10. Bg5 Ne7 11. Qf4 Bxf3 12. Qxf3 h6 13. Bd2 Qb6 14. Qd3 Nf5 15.
Be1 h5 16. f4 Bh6 17. Rf1 a6 18. g3 c5 19. dxc5 Nxc5 20. Qf3 Ne3 21. Bf2 Nxd1
22. Rxd1 Qc6 23. Kb1 Rc8 24. a3 Bf8 25. Bd4 Na4 26. Rd3 b4 27. Nxa4 Qxc2+ 28.
Ka2 Qxa4 29. Bd1 Qa5 30. Qe3 Be7 31. Bb6 Qb5 32. a4 Qc6 33. Bb3 Bc5 34. Bxc5
Qxc5 35. Qe2 Qb6 36. Qe1 Rc7 37. h3 Kd8 0-1

[Event "X Torneo Leonardo di Bona A"]
[Site "Cutro ITA"]
[Date "2004.04.30"]
[Round "8"]
[White "Abatino, Maurizio"]
[Black "Antoniacci, Riccardo"]
[Result "0-1"]
[WhiteElo "2224"]
[BlackElo "2048"]
[PlyCount "87"]
[EventDate "2004.04.23"]

1. d4 Nf6 2. c4 Nc6 3. Nf3 e6 4. a3 b6 5. Nc3 g6 6. e4 d6 7. Be2 Bg7 8. O-O O-O
9. h3 Bb7 10. Be3 Nd7 11. Rb1 Ne7 12. Qd2 c6 13. Rfd1 d5 14. cxd5 exd5 15. e5
Nf5 16. Bg5 Qc7 17. Bf4 Qd8 18. b4 Qe7 19. Bf1 f6 20. Re1 fxe5 21. dxe5 Rae8
22. a4 Qd8 23. Rbd1 Qa8 24. b5 Nc5 25. Qa2 Kh8 26. bxc6 Bxc6 27. Bb5 Ne6 28.
Bc1 d4 29. Bxc6 Qxc6 30. Nb5 a6 31. Nbxd4 Nexd4 32. Nxd4 Nxd4 33. Rxd4 Bxe5 34.
Rde4 Bg7 35. Qe2 Rxe4 36. Qxe4 Qxe4 37. Rxe4 b5 38. axb5 axb5 39. Bf4 Bc3 40.
g3 Rf5 41. Bh6 Kg8 42. g4 Rd5 43. Re8+ Kf7 44. Rh8 0-1

[Event "X Torneo Leonardo di Bona A"]
[Site "Cutro ITA"]
[Date "2004.04.30"]
[Round "8"]
[White "Blagojevic, Dragisa"]
[Black "Garcia Palermo, Carlos Horacio"]
[Result "1/2-1/2"]
[WhiteElo "2514"]
[BlackElo "2444"]
[PlyCount "86"]
[EventDate "2004.04.23"]

1. d4 d5 2. Nf3 Nf6 3. c4 dxc4 4. e3 e6 5. Bxc4 a6 6. O-O b5 7. Be2 Bb7 8. b3
Nbd7 9. Bb2 Be7 10. a4 b4 11. Nbd2 O-O 12. Nc4 c5 13. Rc1 Rc8 14. Nfe5 Bd5 15.
Bf3 cxd4 16. Nxd7 Qxd7 17. Nb6 Rxc1 18. Qxc1 Qb7 19. Nxd5 Nxd5 20. Bxd4 Rc8 21.
Qb2 Bf8 22. Rc1 Qd7 23. Rxc8 Qxc8 24. g3 Nc3 25. Qd2 Qc7 26. e4 e5 27. Be3 Bd6
28. Qd3 Qc6 29. Bg2 a5 30. f3 g6 31. Kh1 Kg7 32. Bf1 Bc7 33. Kg2 Bb6 34. Qa6
Nxa4 35. Bxb6 Nxb6 36. Qxa5 Qd6 37. Qb5 h5 38. h4 Qd2+ 39. Be2 Nd7 40. Kf1 Qc1+
41. Kf2 Qc5+ 42. Qxc5 Nxc5 43. Bc4 f6 1/2-1/2

[Event "X Torneo Leonardo di Bona A"]
[Site "Cutro ITA"]
[Date "2004.04.30"]
[Round "8"]
[White "Brancaleoni, Maurizio"]
[Black "Wohl, Aleksandar H."]
[Result "1-0"]
[WhiteElo "2296"]
[BlackElo "2399"]
[PlyCount "45"]
[EventDate "2004.04.23"]

1. d4 g6 2. e4 Bg7 3. c4 d6 4. Nc3 e5 5. Nge2 Nc6 6. Be3 f5 7. exf5 gxf5 8.
dxe5 dxe5 9. Qxd8+ Kxd8 10. O-O-O+ Bd7 11. f4 e4 12. Ng3 Bxc3 13. bxc3 Nh6 14.
Be2 b6 15. c5 Ke7 16. Rxd7+ Kxd7 17. Bb5 Ng4 18. Nxf5 Ke6 19. Bxc6 Kxf5 20.
Bd7+ Kf6 21. Bd4+ Ke7 22. Bxg4 Rhg8 23. Bf5 1-0

[Event "X Torneo Leonardo di Bona A"]
[Site "Cutro ITA"]
[Date "2004.04.30"]
[Round "8"]
[White "Cordi', Domenico"]
[Black "Scerbo, Antonio"]
[Result "1-0"]
[WhiteElo "2059"]
[BlackElo "2097"]
[PlyCount "121"]
[EventDate "2004.04.23"]

1. Nf3 Nf6 2. d4 g6 3. c4 Bg7 4. Nc3 O-O 5. e4 d6 6. Be2 e5 7. O-O Nc6 8. d5
Ne7 9. Ne1 Ne8 10. Be3 f5 11. f3 f4 12. Bf2 g5 13. Rc1 Ng6 14. b4 Rf7 15. c5
Bf8 16. Nd3 Rg7 17. Kh1 Nf6 18. Qb3 g4 19. cxd6 cxd6 20. fxg4 Nxg4 21. Bxg4
Bxg4 22. Nb5 a6 23. Nc3 f3 24. g3 Bh3 25. Rfd1 Qg5 26. Ne1 Bg4 27. Nb1 Qh5 28.
Nd2 Rf7 29. Rc2 Bh6 30. Nc4 Rf6 31. Na5 Nf4 32. h4 Ne2 33. Qd3 Raf8 34. Rdd2
Bxd2 35. Qxd2 Bc8 36. Kh2 Rg6 37. Nxf3 Nxg3 38. Bxg3 Qxf3 39. Qe1 Kh8 40. a4
Rfg8 41. Rc3 Qg4 42. Qf1 Qxe4 43. Nc4 Qxd5 44. Qe2 Qd4 45. Nxd6 Rxg3 46. Nf7+
Kg7 47. Rxg3+ Kxf7 48. Qh5+ Ke6 49. Rxg8 Qf2+ 50. Rg2 Qf4+ 51. Kg1 Qc1+ 52. Kf2
Qd2+ 53. Qe2 Qf4+ 54. Kg1 Qxh4 55. Rg4 Qf6 56. Qc4+ Kd7 57. Rg8 Qb6+ 58. Kf1
Qc6 59. Qf7+ Kd6 60. Qf8+ Kd7 61. Qd8+ 1-0

[Event "X Torneo Leonardo di Bona A"]
[Site "Cutro ITA"]
[Date "2004.04.30"]
[Round "8"]
[White "Drasko, Milan"]
[Black "Palac, Mladen"]
[Result "1/2-1/2"]
[WhiteElo "2464"]
[BlackElo "2565"]
[PlyCount "20"]
[EventDate "2004.04.23"]

1. Nf3 Nf6 2. g3 b5 3. Bg2 Bb7 4. O-O e6 5. d3 c5 6. e4 d6 7. a4 b4 8. Nbd2
Nbd7 9. Re1 Be7 10. Nc4 O-O 1/2-1/2

[Event "X Torneo Leonardo di Bona A"]
[Site "Cutro ITA"]
[Date "2004.04.30"]
[Round "8"]
[White "Epishin, Vladimir V."]
[Black "Movsziszian, Karen"]
[Result "0-1"]
[WhiteElo "2610"]
[BlackElo "2511"]
[PlyCount "94"]
[EventDate "2004.04.23"]

1. d4 d6 2. Nf3 f5 3. Nc3 Nf6 4. Bg5 e6 5. e4 h6 6. Bxf6 Qxf6 7. Bc4 Be7 8. O-O
O-O 9. Qe2 Nc6 10. d5 Ne5 11. Nxe5 dxe5 12. exf5 Qxf5 13. Bd3 Qf4 14. g3 Qf3
15. Qxf3 Rxf3 16. Bc4 Rf6 17. Rae1 Bd6 18. f4 b5 19. Nxb5 Bc5+ 20. Kg2 Bb7 21.
Rxe5 Rd8 22. Nxc7 Bd6 23. Kh3 Bxe5 24. fxe5 Rxf1 25. Bxf1 Bxd5 26. b3 Kf7 27.
Kg4 Ke7 28. Bd3 Bc6 29. Kf4 g5+ 30. Ke3 a5 31. c4 Rf8 32. a3 Rc8 33. Nb5 Bxb5
34. cxb5 Rc3 35. Kd4 Rxb3 36. Bc4 Rxa3 37. b6 Kd7 38. Bb5+ Kc8 39. Kc5 a4 40.
Kb4 Re3 41. Kxa4 Kb7 42. Kb4 Kxb6 43. Bd7 Rxe5 44. Kc4 Kc7 45. Be8 Kd6 46. Kd3
Re1 47. h4 Rg1 0-1

[Event "X Torneo Leonardo di Bona A"]
[Site "Cutro ITA"]
[Date "2004.04.30"]
[Round "8"]
[White "Janev, Evgeni"]
[Black "Del Rio Angelis, Salvador Gabriel"]
[Result "1/2-1/2"]
[WhiteElo "2405"]
[BlackElo "2506"]
[PlyCount "120"]
[EventDate "2004.04.23"]

1. e4 e5 2. Nf3 Nc6 3. Bb5 Nf6 4. d3 d6 5. c3 g6 6. h3 Bg7 7. Bg5 O-O 8. Qd2
Bd7 9. O-O Qe8 10. Na3 Kh8 11. Rae1 Ng8 12. Nh2 f6 13. Be3 a6 14. Bc4 Nge7 15.
f4 Na5 16. fxe5 dxe5 17. Bd5 Nxd5 18. exd5 b6 19. c4 Nb7 20. d4 e4 21. Bf4 Rc8
22. Qc2 f5 23. Nf3 Nd8 24. Ne5 c5 25. dxc6 Nxc6 26. Nxc6 Bxc6 27. Rd1 h6 28. d5
Bd7 29. Be3 g5 30. Bxb6 e3 31. Qe2 f4 32. c5 g4 33. c6 gxh3 34. cxd7 Qxd7 35.
Rf3 hxg2 36. Nc4 Rf5 37. Bxe3 Rxc4 38. Qxc4 Rh5 39. Qxf4 Rh1+ 40. Kxg2 Rxd1 41.
Qf5 Rxd5 42. Qxd7 Rxd7 43. b3 Kh7 44. Rf4 Kg6 45. Rb4 Rd6 46. a4 Kf5 47. Kf3 h5
48. a5 Rd5 49. Rf4+ Ke6 50. b4 Bf6 51. Rc4 h4 52. Bf4 Kf5 53. Be3 h3 54. Rc5
Rxc5 55. Bxc5 Be5 56. b5 axb5 57. a6 Bb8 58. a7 Bxa7 59. Bxa7 h2 60. Kg2 Ke4
1/2-1/2

[Event "X Torneo Leonardo di Bona A"]
[Site "Cutro ITA"]
[Date "2004.04.30"]
[Round "8"]
[White "Kaps, Darja"]
[Black "Tirard, Hugo"]
[Result "0-1"]
[WhiteElo "2185"]
[BlackElo "2444"]
[PlyCount "174"]
[EventDate "2004.04.23"]

1. e4 c5 2. Nf3 Nc6 3. d4 cxd4 4. Nxd4 Nf6 5. Nc3 e5 6. Ndb5 d6 7. Bg5 a6 8.
Na3 b5 9. Nd5 Be7 10. Bxf6 Bxf6 11. c4 b4 12. Nc2 a5 13. Be2 O-O 14. Qd3 Bg5
15. O-O Bb7 16. Rfd1 g6 17. a3 bxa3 18. Rxa3 Rb8 19. Bf3 Bc8 20. Rb3 Be6 21.
Rb5 Na7 22. Rxb8 Qxb8 23. b4 axb4 24. Ncxb4 Qb7 25. Ra1 Rc8 26. g3 Nc6 27. Nxc6
Qxc6 28. h4 Bd8 29. Be2 Qc5 30. Ra6 Bxd5 31. Qxd5 Bb6 32. Qxc5 Bxc5 33. Kg2 Rb8
34. Ra2 f5 35. Bf3 Kg7 36. g4 fxg4 37. Bxg4 h5 38. Be6 Rf8 39. f3 Rf4 40. Kg3
Bb4 41. Ra1 Bc3 42. Rb1 Ba5 43. Rd1 Bb4 44. Rb1 Kf6 45. Bh3 Bc5 46. Bc8 Kg7 47.
Rb7+ Kh6 48. Be6 Rf8 49. Bd5 Be3 50. Rd7 Rb8 51. Bb7 Bd2 52. Rf7 Be1+ 53. Kh3
Bf2 54. Rd7 Rf8 55. Rxd6 Rxf3+ 56. Kg2 Rf4 57. Re6 Bd4 58. Kh3 Rf3+ 59. Kg2
Rf2+ 60. Kh3 Be3 61. Kg3 Rc2 62. Bd5 Bf2+ 63. Kf3 Bxh4 64. Rxe5 Bg5 65. Re8
Rc3+ 66. Kf2 Be3+ 67. Ke2 Bf4 68. Rh8+ Kg7 69. Rc8 h4 70. c5 h3 71. Rg8+ Kh7
72. Ra8 Be5 73. Ra1 Rc2+ 74. Kd3 Rxc5 75. Rh1 Rc3+ 76. Ke2 Kh6 77. Be6 h2 78.
Bg4 Kg5 79. Bf3 Kh4 80. Rb1 Kh3 81. Bh1 Rg3 82. Rf1 Rg1 83. Bf3 g5 84. Kf2 g4
85. Bxg4+ Rxg4 86. Rh1 Bd4+ 87. Kf3 Rg1 0-1